Nelineárne oceňovanie pravdepodobností

V racionálnej teórii je úžitok výsledkov vážený ich pravdepodobnosťou. Experimenty ukazujú, že ľudia uvedený predpoklad pravidelne porušujú. Že systematicky nadhodnocujú malé pravdepodobnosti a častokrát podhodnocujú vysoké pravdepodobnosti. Teda že ich oceňujú nelineárne.

Guardado en:
Detalles Bibliográficos
Autor principal: Pilch, Ctibor, 1957-
Formato: Capítulo de libro
Lenguaje:eslovaco
Materias:
Etiquetas: Agregar Etiqueta
Sin Etiquetas, Sea el primero en etiquetar este registro!

MARC

LEADER 00000nla a2200000 4500
001 0242098
005 20260205071152.6
041 0 |a slo 
044 |a SK 
245 1 0 |a Nelineárne oceňovanie pravdepodobností  |c Ctibor Pilch 
520 |a V racionálnej teórii je úžitok výsledkov vážený ich pravdepodobnosťou. Experimenty ukazujú, že ľudia uvedený predpoklad pravidelne porušujú. Že systematicky nadhodnocujú malé pravdepodobnosti a častokrát podhodnocujú vysoké pravdepodobnosti. Teda že ich oceňujú nelineárne. 
610 2 0 |a pravdepodobnosť 
610 2 0 |a modely nelineárne 
610 2 0 |a oceňovanie 
610 2 0 |a financie behaviorálne 
610 2 0 |a racionalita ekonomická 
610 2 0 |a rozhodovanie 
610 2 0 |a modely ekonometrické 
100 1 |a Pilch, Ctibor, 1957-